Poshan Utsav: (Record no. 204792)

MARC details
000 -LEADER
fixed length control field 00605nam a22001817a 4500
005 - DATE AND TIME OF LATEST TRANSACTION
control field 20240802170511.0
010 ## - LCCN (DPL NO)
LC control number ENG-141169-170
020 ## - INTERNATIONAL STANDARD BOOK NUMBER
Terms of availability 5000.00
035 ## - SYSTEM CONTROL NUMBER
System control number EN-124701-702
037 ## - SOURCE OF ACQUISITION
Source of stock number/acquisition DBAD
082 ## - DEWEY DECIMAL CLASSIFICATION NUMBER
Classification number 613.2
Edition number Makar Sankranti
245 ## - TITLE STATEMENT
Title Poshan Utsav:
Remainder of title Celebrating Nutrition Through Cultural Practices/
Statement of responsibility, etc By Deendayal Research Institute
250 ## - EDITION STATEMENT
Edition statement Makar Sankranti
260 ## - PUBLICATION, DISTRIBUTION, ETC. (IMPRINT)
Place of publication, distribution, etc New Delhi
Name of publisher, distributor, etc Deendayal Research Institute
Date of publication, distribution, etc 2024
270 ## - ADDRESS
Address 7E, Jhandewala Extension
City New Delhi
Postal code 110055
300 ## - PHYSICAL DESCRIPTION
Extent 278p.
Dimensions 37cm(hb)
942 ## - ADDED ENTRY ELEMENTS (KOHA)
Source of classification or shelving scheme Dewey Decimal Classification
Item type English Books
Classification part 613.2
Call number suffix POS
Edition Makar Sakranti
Holdings
Withdrawn status Lost status Not for loan Collection code Home library Current library Date acquired Source of acquisition Cost, normal purchase price Full call number Barcode Copy number Cost, replacement price Koha item type
    Not For Loan Reference Central Library Central Library 02/08/2024 Delivery of Books Act Division 5000.00 613.2 POS EN-124701 1 5000.00 English Books
    Not For Loan Reference Patel Nagar Patel Nagar 02/08/2024 Delivery of Books Act Division 5000.00 613.2 POS EN-124702 1 5000.00 English Books

© Delhi Public Library
Hit Counter
free hit counter